000 00405nam a22001457a 4500
005 20240705112248.0
008 240705b |||||||| |||| 00| 0 eng d
020 _a978-81-931824-9-9
041 _aeng
100 _aBATRA, DINANATH
_98392
245 _aCHARITRA NIRMAN EWAM VYAKTITWA KE SAMGRA VIKAS KA PATHAYAKARAM
260 _aNEW DELHI
_bSHIKSHA SANSKRITI UTTHAN NYAS
300 _a95; P
942 _cBK
999 _c8525
_d8523